Filming Locations on a Map - Films - Statistics

General Stats
  • This quiz has been taken 38 times
  • The average score is 9 of 35
Answers on the Map
Answers color-coded by a green-red scale on the quiz's map according to % correct below.
 
Answer Stats
Answer % Correct
Slumdog Millionaire
55%
Parasite
52%
Cool Runnings
48%
Good Morning, Vietnam
48%
City of God
45%
District 9
45%
Monty Python and the Holy Grail
41%
Django Unchained
38%
The Girl with the Dragon Tattoo
38%
Battleship Potemkin
34%
Gorillas in the Mist
34%
Indiana Jones and the Last Crusade
31%
Pan's Labyrinth
31%
Cast Away
28%
Jurassic Park
28%
Star Wars: Episode IV
28%
The Godfather
28%
Casino Royale
24%
The Wolverine
24%
Inception
21%
Fitzcarraldo
17%
Gladiator
17%
Hunt for the Wilderpeople
17%
Man on Fire
17%
The Thin Red Line
17%
Borat
14%
Mad Max: Fury Road
14%
Syriana
14%
The Grand Budapest Hotel
14%
The Inbetweeners 2
10%
John Wick: Chapter 2
7%
The Dark Knight
7%
The Lost City of Z
7%
The Raid: Redemption
7%
Black Panther
3%
No matching quizzes found
Score Distribution
Percent of People with Each Score
Percentile by Number Answered
Your Score History
You have not taken this quiz